MARC

LEADER 00000nam0a2200000 4500
001 228427
005 20231031201544.0
035 |a (RuTPU)RU\TPU\book\248898 
090 |a 228427 
100 |a 20121219d1972 k y0rusy50 ca 
101 0 |a rus 
102 |a RU 
105 |a y z 001zy 
200 1 |a Аналитическая химия платиновых металлов  |f С. И. Гинзбург [и др.]  |g Академия наук СССР (АН СССР), Институт геохимии и аналитической химии (ГЕОХИ) 
210 |a Москва  |c Наука  |d 1972 
215 |a 616 с. 
225 1 |a Аналитическая химия элементов 
320 |a Библиогр.: с. 552-596. 
320 |a Предметный указатель: с. 597-610. 
606 1 |a Благородные металлы  |x Химический анализ  |2 stltpush  |3 (RuTPU)RU\TPU\subj\75314 
610 1 |a элементы 
610 1 |a аналитическая химия 
610 1 |a химико-аналитическая характеристика 
610 1 |a качественный анализ 
610 1 |a чистые металлы 
610 1 |a платиновые металлы 
675 |a 546.9  |v 3 
701 1 |a Гинзбург  |b С. И.  |g Сусанна Ильинична 
701 1 |a Езерская  |b Н. А.  |g Наталья Анатольевна 
701 1 |a Прокофьева  |b И. В.  |g Ирина Васильевна 
701 1 |a Федоренко  |b Н. В. 
701 1 |a Шленская  |b В. И. 
701 1 |a Бельский  |b Н. К. 
712 0 2 |a Академия наук СССР (АН СССР)  |b Институт геохимии и аналитической химии (ГЕОХИ)  |c (Москва)  |2 stltpush  |3 (RuTPU)RU\TPU\col\11383 
801 1 |a RU  |b 63413507  |c 20121219 
801 2 |a RU  |b 63413507  |c 20160406  |g RCR 
942 |c BK